| 000 | 01208cam a22003617a 4500 | ||
|---|---|---|---|
| 003 | CHAP | ||
| 005 | 20241015134226.0 | ||
| 008 | 010220d2001 mx r 00110 spa d | ||
| 010 | _a83581 | ||
| 011 | _a84553 | ||
| 035 | _a95074 | ||
| 040 | _cCHAP | ||
| 090 | _aTesis | ||
| 100 | 0 | 0 |
_aRojas Acosta, Arturo. _999265 |
| 245 | 1 | 0 |
_aRed de valor de la leche _c/por Artuto Rojas Acosta |
| 260 |
_aChapingo, Méx. : _bEl autor, _c2001. |
||
| 300 | _a87 h. | ||
| 502 | _aTesis (M.C. en Economía del Desarrollo Rural) -- UACH. División de Ciencias Económico Administrativas | ||
| 590 |
_aALEPH _b10 _c20130110 _lUCH01 _h1441 |
||
| 590 |
_aBATCH-UPD _b10 _c20130110 _lUCH01 _h0711 |
||
| 590 |
_aBATCH-UPD _b10 _c20130410 _lUCH01 _h0357 |
||
| 590 |
_aBATCH-UPD _b10 _c20130914 _lUCH01 _h1635 |
||
| 590 |
_aCONVERSION _b10 _c20130109 _lUCH01 _h1346 |
||
| 650 | 1 | 7 |
_aIndustria lechera _zMéxico _2 _957847 |
| 650 | 1 | 4 |
_aLeche. _965357 |
| 650 | 1 | 4 |
_aLeche _xMercado _xMéxico. _965394 |
| 650 | 1 | 4 |
_aProgramación lineal. _992371 |
| 901 | _aBK | ||
| 905 | _aMayto Villalobos S. | ||
| 942 | _cTESIS | ||
| 949 |
_bBC _cTES _d33724000816997 _eTS1 _fc.2 _h37238 _i95074 _si |
||
| 949 |
_bBC _cTES _d950741 _eTS1 _fc _h37237 _i95074 _sb |
||
| 999 |
_c83581 _d83581 |
||